000 00817nam a2200229 a 4500
005 20260108064001.0
008 991125s1975 mx 000 0 spa u
035 _aUPN01000008051
049 _aLTG
050 4 _aLB1584
_bM6.6 1975 LM
100 1 _aBarcia, Laura
_933876
245 1 0 _aCiencias sociales :
_bsexto grado : libro del maestro /
_cLaura Barcia, Josefina Vázquez, Elizabeth Velásquez.
250 _a2a ed.
260 _aMéxico :
_bSEP, Comisión Nacional de los Libros de Texto Gratuitos,
_c1975.
300 _a95 p. :
_bil.
500 _aLibro de texto gratuito
650 4 _aCiencias sociales
_xEstudio y enseñanza (Elemental)
_92813
650 4 _aLibros de texto
_94427
700 1 _aVázquez, Josefina Zoraida
_ecoaut.
_929473
700 1 _aVelásquez, Elizabeth,
_ecoaut.
_931308
905 _aLibro
999 _c8051
_d8051